<?xml version="1.0" encoding="UTF-8"?>
<collection xmlns="http://www.loc.gov/MARC21/slim">
  <record>
    <leader>00000nam  2200000   4500</leader>
    <controlfield tag="001">INLIS000000000011594</controlfield>
    <controlfield tag="005">20211201090242</controlfield>
    <datafield tag="035" ind1="#" ind2="#">
      <subfield code="a">0010-1221000003</subfield>
    </datafield>
    <datafield tag="245" ind1="1" ind2="#">
      <subfield code="a">PENDATAAN SURVEI MINAT DAN SURVEI KEPUASAN ONLINE BAGI MASYARAKAT PENGGUNA JARINGAN GAS BUMI UNTUK RUMAH TANGGA (PESMOL MAS JARGAS) DI KOTA BALIKPAPAN /</subfield>
      <subfield code="c">Teguh Wahyu Saputra. SE</subfield>
    </datafield>
    <datafield tag="100" ind1="1" ind2="#">
      <subfield code="a">SAPUTRA, Teguh Wahyu</subfield>
    </datafield>
    <datafield tag="250" ind1="#" ind2="#">
      <subfield code="a">1</subfield>
    </datafield>
    <datafield tag="300" ind1="#" ind2="#">
      <subfield code="a">41 halaman ; lampiran :</subfield>
      <subfield code="b">ilustrasi ;</subfield>
      <subfield code="c">30 cm</subfield>
    </datafield>
    <datafield tag="260" ind1="#" ind2="#">
      <subfield code="a">Samarinda :</subfield>
      <subfield code="b">Puslatbang KDOD,</subfield>
      <subfield code="c">2021</subfield>
    </datafield>
    <datafield tag="084" ind1="#" ind2="#">
      <subfield code="a">PKP 238 2021</subfield>
    </datafield>
    <datafield tag="650" ind1="#" ind2="#">
      <subfield code="a">Proyek Perubahan</subfield>
    </datafield>
    <datafield tag="650" ind1="#" ind2="#">
      <subfield code="a">Pengawas</subfield>
    </datafield>
    <datafield tag="650" ind1="#" ind2="#">
      <subfield code="a">teknologi informasi</subfield>
    </datafield>
    <datafield tag="650" ind1="#" ind2="#">
      <subfield code="a">inovasi pemerintah</subfield>
    </datafield>
    <datafield tag="650" ind1="#" ind2="#">
      <subfield code="a">kepuasan masyarakat</subfield>
    </datafield>
    <datafield tag="650" ind1="#" ind2="#">
      <subfield code="a">kuesioner</subfield>
    </datafield>
    <datafield tag="650" ind1="#" ind2="#">
      <subfield code="a">sumberdaya alam</subfield>
    </datafield>
    <datafield tag="520" ind1="#" ind2="#">
      <subfield code="a">Laporan proyek perubahan ini menjelaskan tentang masalah belum adanya sistem terintegrasi antara pemerintah pusat dan pemerintah daerah serta belum terbangunnya metode platform/aplikasi pendataan survei minta dari OPD maupun stakeholder pengguna jaringan gas bumi untuk rumah tangga. Proyek perubahan PESMOL MAS JARGAS (Pendataan Survei Minat dan Survei Kepuasan Online Bagi Pengguna Jaringan Gas Bumi Untuk Rumah Tangga) di Kota Balikpapan adalah sebuah inovasi sistem aplikasi berbasis web dalam membuat survei secara online dengan fitur formulir pertanyaan kuesioner yang bisa dikustomisasi sesuai dengan kebutuhan dan mendapatkan jawaban langsung dari target yang mengikuti</subfield>
    </datafield>
    <datafield tag="500" ind1="#" ind2="#">
      <subfield code="a">Coach : M. Abdi Rahman, S.Sos, M.Si&#13;
Penguji : Rokip Purnomo, SE &#13;
Mentor : H. Arfiansyah, ST, M.Si</subfield>
    </datafield>
    <datafield tag="990" ind1="#" ind2="#">
      <subfield code="a">PKP/238/2021</subfield>
    </datafield>
  </record>
</collection>
